Clayton's electrotherapy and actinotherapy : (Record no. 90524)
[ view plain ]
| 000 -LEADER | |
|---|---|
| fixed length control field | 00521nam a22001697a 4500 |
| 005 - DATE AND TIME OF LATEST TRANSACTION | |
| control field | 20220331121057.0 |
| 008 - FIXED-LENGTH DATA ELEMENTS--GENERAL INFORMATION | |
| fixed length control field | 170127b xxu||||| |||| 00| 0 eng d |
| 020 ## - INTERNATIONAL STANDARD BOOK NUMBER | |
| International Standard Book Number | 0702005363 |
| 040 ## - CATALOGING SOURCE | |
| Transcribing agency | PK-LaUMT |
| 082 ## - DEWEY DECIMAL CLASSIFICATION NUMBER | |
| Classification number | 615.845 |
| Item number | SCO-C |
| 100 ## - MAIN ENTRY--PERSONAL NAME | |
| Personal name | Scott, Pauline M. |
| 245 ## - TITLE STATEMENT | |
| Title | Clayton's electrotherapy and actinotherapy : |
| Remainder of title | including the Physics of movement aqnd hydrotherapy / |
| Statement of responsibility, etc | Pauline M. Scott |
| 250 ## - EDITION STATEMENT | |
| Edition statement | 7th ed. |
| 260 ## - PUBLICATION, DISTRIBUTION, ETC. (IMPRINT) | |
| Place of publication, distribution, etc | London : |
| Name of publisher, distributor, etc | Bailliere Tindall, |
| Date of publication, distribution, etc | 1975 |
| -- | reprinted1976 |
| 300 ## - PHYSICAL DESCRIPTION | |
| Extent | 396 p. |
| 942 ## - ADDED ENTRY ELEMENTS (KOHA) | |
| Koha item type | Books |
| Withdrawn status | Lost status | Damaged status | Home library | Current library | Date acquired | Full call number | Barcode | Date last seen | Price effective from | Koha item type | Copy number |
|---|---|---|---|---|---|---|---|---|---|---|---|
| UMT Health Sciences Campus | UMT Health Sciences Campus | 2017-01-27 | 615.845 SCO-C | 104278 | 2025-12-23 | 2017-01-27 | Text Book | C. 2 | |||
| UMT Main Campus | UMT Main Campus | 2017-01-27 | 615.845 SCO-C | 104279 | 2022-07-19 | 2017-01-27 | Text Book |
